• 首页
  • 本馆介绍
  • 公告通知
  • 最新文献
  • 馆藏检索
  • 电子资源
  • 读者导购
  • 参考咨询
  • 我的图书馆
  • 登录
  • 详细信息显示
  • 放入我的书架
  • 预约/预借图书
  • 作者相关作品
  • 分类相关作品
  • 丛书相关作品
  • 出版社相关作品

书目信息

  • 表格格式
  • 工作单格式
  • 卡片格式
题名:
中国保护动物图谱
    
 
作者: 陈效一 主编 ;张词祖 主摄
分册:  
出版信息: 北京   中国环境科学出版社  2004
页数: 305页
开本: 20cm
丛书名:
单 册:
中图分类: Q958.52-64
科图分类:
主题词: 珍稀动物--中国--图谱
电子资源:
ISBN: 7-80163-800-X
000 00770nam0 2200229 450
001 1560260046
005 20150118164510.29
010    @a7-80163-800-X@dCNY38.00
100    @a20040712d2004 em y0chiy50 ea
101 0  @achi
102    @aCN@b110000
105    @aa z 000yy
200 1  @a中国保护动物图谱@9zhong guo bao hu dong wu tu pu@b专著@f陈效一主编@g张词祖主摄
210    @a北京@c中国环境科学出版社@d2004
215    @a305页@c照片@d20cm
330    @a本书提供了我国国家重点保护一级、二级野生动物图谱,详细介绍“濒危等级”所属目、科,其别名,以及分布等。
606 0  @a珍稀动物@y中国@j图谱
690    @aQ958.52-64@v4
701  0 @a陈效一@9chen xiao yi@4主编
702  0 @a张词祖@9zhang ci zu@4主摄
801  0 @aCN@bTSSF@c20150118
905    @aZUCC@dQ958.52-64@eJY29
    
    中国保护动物图谱/陈效一主编/张词祖主摄.-北京:中国环境科学出版社,2004
    305页:照片;20cm
    
    
    ISBN 7-80163-800-X:CNY38.00
    本书提供了我国国家重点保护一级、二级野生动物图谱,详细介绍“濒危等级”所属目、科,其别名,以及分布等。
●
相关链接 在E读中查询图书 在五车中查询图书 在当当中查询图书 在豆瓣中查询图书


正题名:中国保护动物图谱     索取号:Q958.52-64/JY29         预约/预借

序号 登录号 条形码 馆藏地/架位号 状态 备注
1 7848809   278488094   学院路分馆/ [索取号:Q958.52-64/JY29] 在馆    
2 7848810   278488101   学院路分馆/ [索取号:Q958.52-64/JY29] 在馆    
唐山师范学院图书馆 欢迎您!
大连网信软件有限公司© 版权所有